Państwa amerykańskie - Statystyki

Ogólne statystyki
  • Ten quiz został rozwiązany 648 razy
  • Średni wynik to 29 z 39
Odpowiedzi na mapie
Odpowiedzi zakodowano w zielono-czerwonej skali na mapie do tego quizu, zgodnie z poniższymi procentami.
 
Statystyki odpowiedzi
Kontynent Państwo % Poprawnych
Ameryka Północna Stany Zjednoczone
99%
Ameryka Północna Kanada
98%
Ameryka Północna Meksyk
98%
Ameryka Południowa Brazylia
97%
Ameryka Południowa Argentyna
96%
Ameryka Południowa Chile
95%
Ameryka Północna Kuba
91%
Ameryka Południowa Peru
88%
Ameryka Południowa Boliwia
86%
Ameryka Południowa Urugwaj
86%
Ameryka Południowa Kolumbia
85%
Ameryka Południowa Paragwaj
85%
Ameryka Południowa Ekwador
84%
Ameryka Północna Panama
84%
Ameryka Południowa Wenezuela
84%
Ameryka Północna Dominika
83%
Ameryka Północna Dominikana
80%
Ameryka Północna Haiti
80%
Ameryka Południowa Gujana
78%
Ameryka Północna Jamajka
78%
Ameryka Północna Kostaryka
74%
Ameryka Północna Honduras
73%
Ameryka Północna Belize
72%
Ameryka Południowa Surinam
72%
Ameryka Północna Nikaragua
71%
Ameryka Północna Salwador
71%
Ameryka Północna Gwatemala
70%
Ameryka Północna Bahamy
68%
Ameryka Północna Dania
62%
Ameryka Północna Barbados
56%
Ameryka Północna/Ameryka Południowa Francja
56%
Ameryka Północna Trynidad i Tobago
55%
Ameryka Północna Antigua i Barbuda
52%
Ameryka Północna Saint Lucia
50%
Ameryka Północna Saint Vincent i Grenadyny
50%
Ameryka Północna Saint Kitts i Nevis
49%
Ameryka Północna Grenada
48%
Ameryka Północna/Ameryka Południowa Wielka Brytania
41%
Ameryka Północna Holandia
30%
Nie znaleziono quizów pasujących do podanych kryteriów
Rozkład punktacji
Procent ludzi z każdym wynikiem
Percentyl według liczby udzielonych odpowiedzi
Twoja historia wyników
Nie rozwiązałeś tego quizu